Advances in experimental social processes. V 1 (Record no. 29699)
[ view plain ]
| 000 -LEADER | |
|---|---|
| fixed length control field | 00323nam a2200121Ia 4500 |
| 082 ## - DEWEY DECIMAL CLASSIFICATION NUMBER | |
| Classification number | 301.151 |
| Item number | COO |
| 245 #0 - TITLE STATEMENT | |
| Title | Advances in experimental social processes. V 1 |
| 260 ## - PUBLICATION, DISTRIBUTION, ETC. (IMPRINT) | |
| Place of publication | Chichester |
| Name of publisher | John Wiley |
| Year of publication | 1978 |
| 700 ## - ADDED ENTRY--PERSONAL NAME | |
| Personal name | Alderfer, C P |
| 700 ## - ADDED ENTRY--PERSONAL NAME | |
| Personal name | Cooper, C L |
| 942 ## - ADDED ENTRY ELEMENTS (KOHA) | |
| Koha item type | Books |
| Withdrawn status | Lost status | Damaged status | Not for loan | Home library | Current library | Date acquired | Cost, normal purchase price | Full call number | Accession Number | Koha item type |
|---|---|---|---|---|---|---|---|---|---|---|
| RRII Library | RRII Library | 16/12/2021 | 22.50 | 301.151 COO | 10281 | Books |